000 00464nam a2200193Ia 4500
005 20240823054327.0
008 240823s9999||||xx |||||||||||||| ||und||
020 _a81-7319-376-2
041 _aENGLISH
082 _A616.9940642 p1
100 _aNagraj G Huilgol et al.
245 0 _aRadiation Sensitizers
250 _a1st
260 _c2001
_bNarosa Publishing House New
500 _aYES
650 _aGeneral
_bGeneral
942 _cBK
999 _c226198
_d226198